Statistics for Singapore Points of Interest

Click here to take the quiz!

General Stats

  • This quiz has been taken 131 times
  • The average score is 8 of 9

Answer Stats

CluePoint of Interest% Correct
Body of a fish & head of a lion structureMerlion Park
100%
Island resortSentosa
100%
Large shopping street lined with malls and hotelsOrchard Road
96%
Modern greenhouses and super treesGardens by the Bay
93%
Second highest ferris wheel in the worldSingapore Flyer
91%
World famous hotelMarina Bay Sands
88%
Night attraction with tram rides and walking trailsNight Safari
86%
Island for cycle trailsPulau Ubin
71%
Mall known for its riverside nightlifeClarke Quay
66%

Score Distribution

Percentile by Number Answered

Percent of People with Each Score

Your Score History

You have not taken this quiz